LIBRARY & INFORMATION CENTRE, KCAET, TAVANUR

ONLINE PUBLIC ACCESS CATALOGUE (OPAC)

Hamara Kavi / (Record no. 2535)

MARC details
000 -LEADER
fixed length control field 00410cam a2200169ua 4500
041 ## - LANGUAGE CODE
Language code of text/sound track or separate title hin
082 ## - DEWEY DECIMAL CLASSIFICATION NUMBER
Classification number 891.43
Item number RAJ/HA
100 ## - MAIN ENTRY--AUTHOR NAME
Personal name Rajendra Singh, Gowda .
245 ## - TITLE STATEMENT
Title Hamara Kavi /
260 ## - PUBLICATION, DISTRIBUTION, ETC. (IMPRINT)
Place of publication :
Name of publisher Sahitya Bhavan ,
Year of publication 1954.
300 ## - PHYSICAL DESCRIPTION
Number of Pages 270 ; .
942 ## - ADDED ENTRY ELEMENTS (KOHA)
Koha item type Books
Holdings
Withdrawn status Lost status Damaged status Home library Current library Date acquired Full call number Accession Number Koha item type
Withdrawn     KAUAET Sanskrit University 07/04/2012 891.43 2963 Books
free website counter